Tuyển tập 15 nhà thơ đồng bằng sông Cửu Long
Sách tập hợp tiểu sử và các tác phẩm của 15 nhà thơ khu vực Đồng Bằng Sông Cửu Long
Guardat en:
| Format: | Llibre |
|---|---|
| Idioma: | Undetermined |
| Publicat: |
[Cà Mau]
Mũi Cà Mau
2003
|
| Matèries: | |
| Etiquetes: |
Afegir etiqueta
Sense etiquetes, Sigues el primer a etiquetar aquest registre!
|
| Thư viện lưu trữ: | Trung tâm Học liệu Trường Đại học Cần Thơ |
|---|
| LEADER | 00733nam a2200193Ia 4500 | ||
|---|---|---|---|
| 001 | CTU_140520 | ||
| 008 | 210402s9999 xx 000 0 und d | ||
| 082 | |a 895.9221008 | ||
| 082 | |b T527 | ||
| 245 | 0 | |a Tuyển tập 15 nhà thơ đồng bằng sông Cửu Long | |
| 260 | |a [Cà Mau] | ||
| 260 | |b Mũi Cà Mau | ||
| 260 | |c 2003 | ||
| 520 | |a Sách tập hợp tiểu sử và các tác phẩm của 15 nhà thơ khu vực Đồng Bằng Sông Cửu Long | ||
| 526 | |a Văn học Đồng bằng sông Cửu Long sau 1975 | ||
| 526 | |b SP596 | ||
| 650 | |a Vietnamese poetry,Thơ Việt Nam | ||
| 904 | |i Huỳnh Mai | ||
| 980 | |a Trung tâm Học liệu Trường Đại học Cần Thơ | ||